00799nam a2200253 a 4500008004100000020002900041040001500070245008700085260004700172300003100219336002600250337002800276338002700304500002000331504004100351650001600392650002700408650001400435650001900449650002600468700003300494003000100527005001700528  a9780197266342 (hardback) aNUSTcNUST10aCompendium of the study of philosophy/cedited and translated by Thomas S Maloney. aOxford :bOxford University Press, c2018. axxxii, 307 pages ;c24 cm. atextbtxt2rdacontent aunmediatedbn2rdamedia avolumebnc2rdacarrier aIncludes index. aIncludes bibliographical references. 1aPhilosophy. aSignification (Logic). aTheology. aScholasticism. aDe anima (Aristotle). aMaloney, Thomas S.,aeditor.20230123141152.0